| 000 | 00862nam a22002417a 4500 | ||
|---|---|---|---|
| 999 |
_c984 _d984 |
||
| 003 | AR-CdUCM | ||
| 008 | 190226b ||||| |||| 00| 0 spa d | ||
| 020 | _a8472917673 | ||
| 040 |
_aMUNICIPALIDAD PROVINCIAL DEL CUSCO _cBIBLIOTECA MUNICIPAL DEL CUSCO |
||
| 041 | _heng | ||
| 082 |
_a828.8 / _bC286 |
||
| 100 |
_aCarlyle, Thomas _93835 |
||
| 245 | _aLos Héroes / | ||
| 260 |
_aMadrid : _bSarpe, _c1985. |
||
| 300 |
_a252 paginas ; _c20 cm. |
||
| 505 | _aConferencia primera: El héroe considerado como divinidad Odín Paganismo -- Conferencia segunda : El héroe como profeta. Mahoma. El Islam -- Conferencia tercera : El héroe como poeta. Dante. Shakespeare... | ||
| 650 |
_aLa ambicion _93836 |
||
| 650 |
_aEl poeta _93837 |
||
| 650 |
_aCatolicismo medieval _93838 |
||
| 650 |
_aApasionados _93839 |
||
| 942 |
_2ddc _cLIBROS |
||
| 945 |
_awnts _d2019-02-26 |
||